Best Colleges in Every US State - Statistics

General Stats
  • This quiz has been taken 827 times
  • The average score is 34 of 49
Answers on the Map
Answers color-coded by a green-red scale on the quiz's map according to % correct below.
 
Answer Stats
Answer % Correct
Arizona State University
88%
University of Alaska
79%
University of Florida
79%
Stanford University
78%
University of Hawaii
78%
Colorado School of Mines
77%
University of Idaho
76%
University of Maine
76%
University of Michigan
76%
University of Minnesota
76%
University of North Dakota
76%
Auburn University
75%
University of Kentucky
75%
University of Arkansas
74%
University of Chicago
74%
University of Iowa
74%
University of New Mexico
74%
University of Oregon
74%
University of Pennsylvania
74%
Montana State University
73%
University of Mississippi
73%
University of South Dakota
73%
Harvard University
72%
West Virginia University
71%
University of Delaware
70%
University of Kansas
70%
University of Washington
70%
University of Wisconsin
70%
Duke University
69%
University of Virginia
69%
University of Wyoming
68%
Brigham Young University
67%
University of Tulsa
67%
University of Vermont
67%
Washington University in St. Louis
67%
Clemson University
66%
Tulane University
65%
University of Notre Dame
64%
Columbia University
63%
Vanderbilt University
63%
Rice University
62%
Johns Hopkins University
61%
Yale University
61%
Princeton University
60%
Brown University
59%
Dartmouth College
56%
Emory University
55%
Creighton University
53%
Case Western Reserve University
52%
No matching quizzes found
Score Distribution
Percent of People with Each Score
Percentile by Number Answered
Your Score History
You have not taken this quiz